000 01021nam2a22002411 4500
001 rc\799472
005 20250622105519.0
035 _a(NLR Aleph) 006252268
090 _a6764208
_c6764208
100 _a20041129d1983 |||y0rusy50 ca
101 0 _arus
102 _aRU
105 _aa |||||||||
200 0 _aЧ. 1
210 _d1983
_aБ. м.
215 _a262 с.
_cил.
320 _aБиблиогр.: с. 219-224 (100 назв.)
461 0 _1001rc\799471
_12001#$aОсновы технологического проектирования заводов сборного железобетона$vЧ. 1
_1700#1$aКудяков$bА.И.$gАлександр Иванович
_96764201
_aКудяков, А.И.
_cТомск
_d1983-
_nИзд-во Том. ун-та
_tОсновы технологического проектирования заводов сборного железобетона
_vЧ. 1
801 0 _aRU
_bNLR
_gpsbo
801 1 _aRU
_bELAR
_2rusmarc
852 _aNLR
_j84-3/7551
942 _cBOOK
980 _aNB